00827nam a2200229Ii 45000010005000000030009000050080041000140200015000550400033000700410008001030820017001111000036001282450076001642640060002403000012003003360026003123370028003383380027003669400050003939990017004439520137004609103CO-ViMGA241108s9999||||xx |||||||||||||| ||und|| a9589421253 aCO-ViMGAbspaerdacCO-ViMGA0 aspa04a341.481 D3131 aDefensoría del pueblo,92241410aEn defensa de la vida problemática ambiental del municipio colombiano 1aBogotá, Colombia : Biblioteca Juridíca Diké, 1995 avolumen atextbtxt2rdacontent aunmediatedbn2rdamedia avolumebnc2rdacarrier aidficha_siabuc: 8902. -- ficha_no_siabuc:9103 c40601d40601 001040708001aMEVIGERRbMEVIGERRcGENd2006-11-27o341.481 D313pECA9543r2024-11-26 08:55:24tEj.1w2024-11-26yBKz8902 | 12386